LEADER 01022nam a2200253 i 4500 001 000000078202 003 CaOOAMICUS 005 20131108000000.0 008 131108s2003 xx u000 u fre u 013 $a50439 020 $a2-89129-435-1 040 $aSeMil$bita 100 1 $aRouthier, Gilles,$d<1953- >.$0(OLS)http://semarc/name/12682 245 10$aEnfanter des chrétiens aujourd'hui /$cGilles Routhier. 260 $aQuébec :$bAnne Sigier,$c2003. 300 $a49 p. ;$c18 cm. 500 $aIn mezzo al front. : Les conférences Notre-Dame, 16 mars 2003. 650 4$aChiesa - Rinnovamento - Québec.$0(OLS)http://semarc/subject/15895 850 $aSeMil 852 $aSeMil$W1$xVenegono$y1$m2D I 401$j44169$B44169$CSeMilBibl$Z2$F45798 $81 961 $aOmaggio: Bressan don Luca 996 $6020$a2-89129-435-1$9(OLS)http://semarc/number/59988 996 $6245$aEnfanter des chrétiens aujourd'hui$9(OLS)http://semarc/title/126611 996 $6260$aQuébec :$bAnne Sigier$9(OLS)http://semarc/publisher/43375 LEADER 01211nam a2200289 i 4500 001 000000110035 003 CaOOAMICUS 005 20070519000000.0 008 070519s1998 it u000 u fre u 013 $a82716 020 $a2-0803-5504-X 040 $aSeMil$bita 100 1 $aCresson, Edith <1934- >.$0(OLS)http://semarc/name/46157 245 10$aInnover ou subir /$cEdith Cresson. 260 $aParis :$bFlammarion,$c1998. 300 $a236 p. ;$c22 cm. 500 $aIn occhiello: Dedica autografa dell'autrice. 650 4$aEuropa - Unificazione.$0(OLS)http://semarc/subject/10257 650 4$aFrancia - Politica economica - Previsioni.$0(OLS)http://semarc/subject/19549 650 4$aUnione Europea.$0(OLS)http://semarc/subject/19550 650 4$aFrancia - Condizioni economiche - Previsioni.$0(OLS)http://semarc/subject/19551 850 $aSeMil 852 $aSeMil$W1$xVenegono$y1$m3N III 615$j65959$B65959$CSeMilBibl$Z2$F84750 $81 961 $aOmaggio: Colasanto Prof. Michele 996 $6020$a2-0803-5504-X$9(OLS)http://semarc/number/91639 996 $6245$aInnover ou subir$9(OLS)http://semarc/title/159883 996 $6260$aParis :$bFlammarion$9(OLS)http://semarc/publisher/30425